Ujjani chaudamma; gramadevate adhyayana. (Record no. 114858)
[ view plain ]
| 000 -LEADER | |
|---|---|
| fixed length control field | 00677nam a2200205Ia 4500 |
| 003 - CONTROL NUMBER IDENTIFIER | |
| control field | OSt |
| 005 - DATE AND TIME OF LATEST TRANSACTION | |
| control field | 20250818110336.0 |
| 008 - FIXED-LENGTH DATA ELEMENTS--GENERAL INFORMATION | |
| fixed length control field | 210210b2001 xxu||||| |||| 00| 0 eng d |
| 020 ## - INTERNATIONAL STANDARD BOOK NUMBER | |
| International Standard Book Number | 81 7713 085 4 |
| 040 ## - CATALOGING SOURCE | |
| Transcribing agency | AL |
| 041 ## - LANGUAGE CODE | |
| Language code of text/sound track or separate title | Kannada |
| 082 ## - DEWEY DECIMAL CLASSIFICATION NUMBER | |
| Classification number | 294.5211K BORU |
| 100 ## - MAIN ENTRY--PERSONAL NAME | |
| Personal name | BORALINGAYYA (Hi Chi). |
| 9 (RLIN) | 236143 |
| Dates associated with a name | ಬೋರಲಿಂಗಯ್ಯ (ಹಾಯ್ ಚಿ) |
| 245 ## - TITLE STATEMENT | |
| Title | Ujjani chaudamma; gramadevate adhyayana. |
| Remainder of title | ಉಜ್ಜನಿ ಚೌಡಮ್ಮ; ಗ್ರಾಮದೇವತೆ ಅಧ್ಯಯನ. |
| 260 ## - PUBLICATION, DISTRIBUTION, ETC. | |
| Place of publication, distribution, etc. | Bengaluru |
| Name of publisher, distributor, etc. | Kannada Pustaka Pradhikara |
| Date of publication, distribution, etc. | 2001 |
| 300 ## - PHYSICAL DESCRIPTION | |
| Extent | xii,163,8 |
| 690 ## - LOCAL SUBJECT ADDED ENTRY--TOPICAL TERM (OCLC, RLIN) | |
| Topical term or geographic name as entry element | Hinduism |
| 9 (RLIN) | 236144 |
| 906 ## - LOCAL DATA ELEMENT F, LDF (RLIN) | |
| a | SG04026 |
| 942 ## - ADDED ENTRY ELEMENTS (KOHA) | |
| Source of classification or shelving scheme | Dewey Decimal Classification |
| Koha item type | Book |
| Withdrawn status | Lost status | Source of classification or shelving scheme | Damaged status | Not for loan | Collection code | Home library | Current library | Shelving location | Date acquired | Source of acquisition | Cost, normal purchase price | Total Checkouts | Full call number | Barcode | Date last seen | Price effective from | Koha item type |
|---|---|---|---|---|---|---|---|---|---|---|---|---|---|---|---|---|---|
| Dewey Decimal Classification | Kannada | St Aloysius Library | St Aloysius Library | 02/17/2021 | Kannada Pustaka Pradikara, Bengaluru. | 70.00 | 294.5211K BORU | SG04026 | 02/17/2021 | 02/17/2021 | Special Grants |